LEADER 00940nam0-2200325---450- 001 990009913060403321 005 20141105120017.0 010 $a978-88-204-5066-3 035 $a000991306 035 $aFED01000991306 035 $a(Aleph)000991306FED01 035 $a000991306 100 $a20141105d2013----km-y0itay50------ba 101 0 $aita 102 $aIT 105 $ay-------001yy 200 1 $aFondamenti di un'antropologia dell'educazione$fMario Pollo 210 $aMilano$cFrancoAngeli$d2013 215 $a192 p.$d23 cm 225 1 $aScienze della formazione$hsez.1$iManuali$v28 610 0 $aUomo$aFilosofia 676 $a128$v21$zita 700 1$aPollo,$bMario$f<1943- >$0149181 801 0$aIT$bUNINA$gREICAT$2UNIMARC 901 $aBK 912 $a990009913060403321 952 $aCollez. 2445 (28)$b51331$fFSPBC 959 $aFSPBC 996 $aFondamenti di un'antropologia dell'educazione$9831028 997 $aUNINA